000 01379cab a2200205 4500
001 ##ABS68035
008 040729n2004 000 0 eng u
035 _a(Sirsi) u126976
100 1 _aPerry, J.
245 0 0 _aPlans on the line
260 _c2004
490 0 _aInside Housing
_v21(29) 23 July 2004, 16-19(4)
520 _aExamines HM Treasury's plans for housing in the 2004 spending review and considers whether housing's three-year housing expenditure headline growth rate of 4.1%, a better rate than received by many other government departments, will be enough to reverse decades of under investment in the sector. Highlights that southeast England growth zones and low demand areas in the Midlands and northern England have done well in the review and that the Neighbourhood Renewal Fund will be reprieved but raises doubts about spending on decent homes, the development of the growth zones and above all investment in the present stock of council housing. Table covers the three-year spending growth by service. Three possible outcomes of the spending review are described by "Inside Housing" reporters to conclude the article.
590 _aABS
650 2 4 _aNEIGHBOURHOOD RENEWAL FUND
650 2 4 _aDCLG DECENT HOMES STANDARD
651 4 _aEngland
_y886-
690 _aPROPERTY-RESIDENTIAL PROPERTY-RESIDENTIAL PROPERTY FINANCE AND INVESTMENT
942 _n0
999 _c74484
_d74484